| 000 | 02184nam a2200457 c 4500 | ||
|---|---|---|---|
| 999 |
_c195882 _d195882 |
||
| 003 | BLK | ||
| 005 | 20241123111508.0 | ||
| 008 | 180411b bul|||||r ||||||| ||bul|| | ||
| 010 | _aKNG00205137000 | ||
| 020 | _a978-954-376-126-5 | ||
| 040 | _aBLK | ||
| 041 |
_aBUL _cBUL |
||
| 072 | 7 |
_2bullib _aН6201 _xМениджмънт Н |
|
| 080 |
_aМетоди на управление. Мениджмънт. Анализи, планиране, ръководство, сътрудничество, контрол, коопериране и др. _b005.5 _x(035) _z005.5(035) |
||
| 080 |
_aИкономическа психология. Икономическо поведение. Физиологични и психологични елементи. Интереси. Икономически дух _b330.16 _x(035) _z330.16(035) |
||
| 100 | 1 |
_aГроув, Андрю _eпърви автор _956705 |
|
| 139 |
_aГроув, Андрю _bГ 87 |
||
| 245 | 1 | 0 |
_aВисокоефективният мениджмънт _cАндрю Гроув; прев. Надя Димитрова Баева. |
| 257 | _aUSA | ||
| 260 |
_bЖануа-98 _c2017 _fСофия : Симолини 94 |
||
| 300 |
_a228 с. _c23 см |
||
| 380 | _a0 | ||
| 500 | _aОриг. загл. High Output Management / Andrew Grove. | ||
| 650 | 4 |
_aМениджмънт _9161870 |
|
| 650 | 4 |
_aУправление - наръчници и ръководства _9243934 |
|
| 650 | 4 |
_aУправленски труд - наръчници и ръководства _9243936 |
|
| 650 | 4 |
_aИкономическо поведение - наръчници и ръководства _9278572 |
|
| 653 | _aмениджмънт | ||
| 653 | _aуправленски труд | ||
| 653 | _aикономическо поведение | ||
| 653 | _aръководства | ||
| 659 | _aН | ||
| 700 |
_aБаева, Надя Димитрова _9383768 |
||
| 852 | _aЦб 285180 | ||
| 856 | 4 | _qpdf | |
| 856 | 4 | _qpdf | |
| 942 |
_cKNG _n0 _s1 _03 |
||
| 944 |
_aCR _c18.04.2017 _lЦветелина Шанова _k30531 |
||
| 944 |
_aED _c13.06.2017 _lф / _kЛюдмила_Стоянова |
||
| 999 | _d195882 | ||